000 01548nam a2200361 c 4500
003 BLK
005 20180422112705.0
008 180410b bul|||||r ||||||| ||bul||
010 _aKNG00152530000
040 _aBLK
041 _aBUL
_cBUL
080 _aРуска литература
_b821.161.1
_x-93-342
_z821.161.1-93-342
100 1 _aКрилов, Иван Андреевич
_eпърви автор
_9373171
700 1 _aАлександров, Васил
_eподб.
_gВутов, Васил Александров
_9367114
700 1 _aРайчев, Георги
_eпрев. от рус.
_9373172
700 1 _aКоренев, Владимир
_eил.
_9365106
139 _aКрилов, Иван Андреевич
_bК 90
245 1 0 _aБасни
_cИван Андреевич Крилов; подб. Васил Александров; прев. от рус. Георги Райчев; ил. Владимир Коренев.
257 _aRUS
260 София
_bБълг. художник
_c1966
_fСофия : ПК Д. Благоев
300 _a20 с.
_bс ил.
_c16Х17 см
380 _aDX
490 1 _aБиблиотека Златни страници
500 _a30 100 тир.
653 _aбасни
653 _aдетска литература
653 _aлитература за деца
852 _aЦб І 35314
856 4 _qpdf
_u
856 4 _qpdf
_u
942 _cKNG
_n0
944 _aCR
_c24.10.2013
_l24.10.2013 - от С1,Р / 24.10.2013
_kИвелин_Чалов
944 _aED
_c24.10.2013
_l24.10.2013 - от С1,Р / 24.10.2013
_k
999 _c146343
_d146343